000 00594nam a2200181 i 4500
001 78293
003 ES-MaACL
005 20230906173639.0
007 t|
008 041013s1969 sp ||||1| spa d
100 1 _aHarvey, William Clunie.
_962026
245 1 0 _aLeche, producción y control /
_cpor Wm. Clunie Harvey y Harry Hill ; traducido por Guillermo Suárez Fernández.
260 _aLeón :
_bAcademia,
_c[1969]
300 _aXI, 596 p. :
_bil. ;
_c25 cm.
700 1 _aHill, Harry.
_963702
700 1 _aSuárez Fernández, Guillermo.
_9108617
852 _aES-MaACL
_jC-43469
_bR.80517
999 _c78293
_d78293